000 01026cab a22002175a 4500
001 L146843
008 090304e20090228xxkdo f s 000 0 eng d
035 _a(Sirsi) u146843
041 0 _aeng
100 1 _aMorrison, Adrian
245 0 0 _aEG industrial
260 _c2008
490 _aEstates Gazette
_v(0908) 28 February 2009, 71-85(11)
520 _aReports on how a select few industrial developers are managing to progress their schemes whilst others have to accept slow progress to stay in business. Reveals that the tables have now turned with smaller occupiers shoring up the market, but that this may not be enough to secure the future. Considers which occupiers are likely to survive the economic downturn and reveals that a widening of yields to 8% has served to galvanise investor interest in prime industrial assets.
590 _aKA
651 4 _aUnited Kingdom
_y
690 _aPROPERTY-COMMERCIAL PROPERTY-COMMERCIAL PROPERTY MARKET
700 1 _aNorman, Paul
700 1 _aHarris, David
942 _n0
999 _c81307
_d81307